000 00604nam a2200193Ii 4500
003 JO-AjNU
008 230605s9999||||xx |||||||||||||| ||und||
040 _aJO-AjNU
_bara
_erda
_cJO-AjNU
041 _aara
050 1 4 _aBP75.2.A67
100 3 _aالعقاد،عباس محمود,
_eauthor
_920354
245 0 0 _aمطلع النور أو طوالع البعثة المحمدية
264 3 1 _aد.م:دار الهلال،د.ت
300 _a148ص
336 _atext
_btxt
_2rdacontent
337 _aunmediated
_bn
_2rdamedia
338 _avolume
_bnc
_2rdacarrier
650 4 _aسيرة نبوية
_920355
999 _aA6885
_c10453
_d10453